Grand new world atlas

Wedi'i Gadw mewn:
Manylion Llyfryddiaeth
Fformat: Llyfr
Iaith:Undetermined
Cyhoeddwyd: Tokyo Zenkyokai
Pynciau:
Tagiau: Ychwanegu Tag
Dim Tagiau, Byddwch y cyntaf i dagio'r cofnod hwn!
Thư viện lưu trữ: Trung tâm Học liệu Trường Đại học Cần Thơ
LEADER 00375nam a2200145Ia 4500
001 CTU_26763
008 210402s9999 xx 000 0 und d
082 |a 912 
082 |b G751 
245 0 |a Grand new world atlas 
260 |a Tokyo 
260 |b Zenkyokai 
650 |a atlases,world maps 
904 |i Minh, 981020 
980 |a Trung tâm Học liệu Trường Đại học Cần Thơ